[Event "HUN-chT2 Erkel 1718"]
[Site "Hungary"]
[Date "2018.02.18"]
[Round "8.2"]
[White "Nagyajtai, Gabor"]
[Black "Lyell, Mark"]
[Result "0-1"]
[WhiteElo "2140"]
[BlackElo "2231"]
[PlyCount "92"]
[EventDate "2017.09.24"]
[EventType "team-tourn"]
[EventRounds "11"]
[EventCountry "HUN"]
[SourceTitle "EXT 2021"]
[Source "ChessBase"]
[SourceDate "2020.10.23"]
[SourceVersion "1"]
[SourceVersionDate "2020.10.23"]
[SourceQuality "1"]
[WhiteTeam "Szada GSBE"]
[BlackTeam "Budapest MTK II"]
[WhiteTeamCountry "HUN"]
[BlackTeamCountry "HUN"]

1. d4 f5 2. g3 Nf6 3. Bg2 e6 4. Nh3 d5 5. 0-0 Bd6 6. c4 0-0 7. Qc2 Nc6 8. Rd1 Bd7 9. cxd5 Nb4 10. Qb3 Nbxd5 11. Nc3 Bc6 12. Bg5 Qe8 13. Bxf6 Nxf6 14. Ng5 Bxg2 15. Kxg2 Qh5 16. Nf3 Rae8 17. Nb5 Ne4 18. Rac1 Re7 19. e3 g5 20. Nxd6 cxd6 21. Qb5 Ref7 22. Qe2 d5 23. Ng1 g4 24. f3 Ng5 25. Rf1 Kg7 26. fxg4 fxg4 27. Rxf7+ Rxf7 28. Rf1 Rxf1 29. Qxf1 Qg6 30. Qe2 Qe4+ 31. Kf2 h5 32. a3 Kg6 33. Qb5 Qf5+ 34. Kg2 Ne4 35. Qe8+ Kg7 36. Qe7+ Kh6 37. Qe8 Qf2+ 38. Kh1 Qf6 39. Qb8 Nf2+ 40. Kg2 Nd1 41. h3 Nxe3+ 42. Kh1 gxh3 43. Qf4+ Qxf4 44. gxf4 Kg6 45. Nxh3 Kf5 46. Kg1 Nc4 0-1

[Event "HUN-chT2 Erkel 1617"]
[Site "Hungary"]
[Date "2016.09.25"]
[Round "1.3"]
[White "Eberth, Zoltan"]
[Black "Nagyajtai, Gabor"]
[Result "1-0"]
[WhiteElo "2146"]
[BlackElo "2147"]
[PlyCount "94"]
[EventDate "2016.09.25"]
[EventType "team-tourn"]
[EventRounds "11"]
[EventCountry "HUN"]
[SourceTitle "EXT 2021"]
[Source "ChessBase"]
[SourceDate "2020.10.23"]
[SourceVersion "1"]
[SourceVersionDate "2020.10.23"]
[SourceQuality "1"]
[WhiteTeam "Jaszbereny"]
[BlackTeam "Szada GSBE"]
[WhiteTeamCountry "HUN"]
[BlackTeamCountry "HUN"]

1. e4 d5 2. exd5 Qxd5 3. Nc3 Qd6 4. d4 c6 5. Bc4 Nf6 6. Nge2 Bf5 7. Bf4 Qb4 8. Bb3 e6 9. 0-0 Be7 10. Bc7 Bd8 11. Bxd8 Kxd8 12. Qd2 Nbd7 13. Ng3 g6 14. Rad1 Qd6 15. a4 a6 16. a5 Qb4 17. Ra1 Rc8 18. Ba4 Qd6 19. Rfd1 h5 20. Nxf5 gxf5 21. Ne2 Ne4 22. Qe3 Ndf6 23. f3 Nd5 24. Qb3 Ng5 25. c4 Nf4 26. Nxf4 Qxf4 27. d5 cxd5 28. cxd5 e5 29. Qb6+ Ke7 30. Qxb7+ Kf6 31. Qxa6+ Kg7 32. Qd3 Rhg8 33. Bd7 Kf6 34. Kh1 Rc4 35. Qd2 Qh4 36. Rac1 Rd4 37. Qc2 Qf4 38. Rxd4 exd4 39. Rd1 Nxf3 40. Qxf5+ Qxf5 41. Bxf5 Kxf5 42. gxf3 Ke5 43. d6 Kd5 44. a6 Rd8 45. d7 Kc5 46. Rc1+ Kd6 47. Rc8 Kxd7 1-0

[Event "HUN-chT2 Erkel 1516"]
[Site "Hungary"]
[Date "2015.11.08"]
[Round "4.3"]
[White "Trajber, Csaba"]
[Black "Nagyajtai, Gabor"]
[Result "0-1"]
[WhiteElo "2042"]
[BlackElo "2137"]
[PlyCount "62"]
[EventDate "2015.09.13"]
[EventType "team-tourn"]
[EventRounds "11"]
[EventCountry "HUN"]
[SourceTitle "CBM 170 Extra"]
[Source "ChessBase"]
[SourceDate "2016.02.25"]
[SourceVersion "1"]
[SourceVersionDate "2016.02.25"]
[SourceQuality "1"]
[WhiteTeam "Foti"]
[BlackTeam "GSBE"]
[WhiteTeamCountry "HUN"]
[BlackTeamCountry "HUN"]

1. e4 c5 2. Ne2 e6 3. d4 cxd4 4. Nxd4 a6 5. Nc3 Qc7 6. g3 Bb4 7. Bd2 Nf6 8. Bg2 0-0 9. 0-0 Be7 10. Qe2 d6 11. Rae1 Nbd7 12. f4 Qb6 13. Be3 Qxb2 14. Qd2 Ng4 15. Rb1 Qa3 16. Rb3 Qc5 17. Na4 Qc7 18. Rc3 Qd8 19. Qe2 Nxe3 20. Qxe3 Qa5 21. Nb2 Qxa2 22. Nd3 Qa5 23. Rb3 Nc5 24. Rbb1 Qc3 25. Rfd1 Qa5 26. e5 Nxd3 27. Qxd3 dxe5 28. fxe5 Qxe5 29. Bxb7 Bxb7 30. Rxb7 Bc5 31. c3 Qd5 0-1

[Event "HUN-chT2 Erkel 1415"]
[Site "Hungary"]
[Date "2015.03.22"]
[Round "8.3"]
[White "Nagyajtai, Gabor"]
[Black "Trajber, Csaba"]
[Result "0-1"]
[WhiteElo "2157"]
[BlackElo "2042"]
[PlyCount "81"]
[EventDate "2014.09.28"]
[EventType "team-tourn"]
[EventRounds "9"]
[EventCountry "HUN"]
[SourceTitle "EXT 2016"]
[Source "ChessBase"]
[SourceDate "2015.10.08"]
[SourceVersion "1"]
[SourceVersionDate "2015.10.08"]
[SourceQuality "1"]
[WhiteTeam "GBSE"]
[BlackTeam "Fot"]
[WhiteTeamCountry "HUN"]
[BlackTeamCountry "HUN"]

1. e4 c5 2. c3 Nf6 3. e5 Nd5 4. d4 cxd4 5. cxd4 e6 6. Bc4 Nb6 7. Bb3 d6 8. Qe2 dxe5 9. dxe5 Bd7 10. Nf3 Bc6 11. 0-0 N8d7 12. Bf4 Nd5 13. Bg3 Rc8 14. Nbd2 Be7 15. Rac1 0-0 16. Nd4 Nc5 17. Nxc6 Rxc6 18. Bc2 Nb4 19. Bb1 Nbd3 20. Rc2 Nb4 21. Rc4 Nd5 22. Rd4 Nd7 23. Kh1 Qc8 24. Ne4 Rc1 25. Rdd1 Rxd1 26. Rxd1 N7b6 27. h3 Rd8 28. Kh2 g6 29. Qf3 Qc6 30. h4 Qe8 31. h5 Qf8 32. Qg4 Qh6 33. Nf6+ Nxf6 34. Rxd8+ Bxd8 35. Qd4 Qxh5+ 36. Kg1 Nfd5 37. Be4 Qe2 38. Bd3 Qe1+ 39. Kh2 Qb4 40. Qxb4 Nxb4 41. Bb1 0-1

[Event "HUN-chT2 Erkel 1415"]
[Site "Hungary"]
[Date "2014.12.14"]
[Round "6.4"]
[White "Nagyajtai, Gabor"]
[Black "Szepes, Tamas"]
[Result "0-1"]
[WhiteElo "2157"]
[BlackElo "2217"]
[PlyCount "60"]
[EventDate "2014.09.28"]
[EventType "team-tourn"]
[EventRounds "9"]
[EventCountry "HUN"]
[SourceTitle "EXT 2016"]
[Source "ChessBase"]
[SourceDate "2015.10.08"]
[SourceVersion "1"]
[SourceVersionDate "2015.10.08"]
[SourceQuality "1"]
[WhiteTeam "GBSE"]
[BlackTeam "Budapest MTK"]
[WhiteTeamCountry "HUN"]
[BlackTeamCountry "HUN"]

1. d4 d5 2. c4 e6 3. Nc3 Nf6 4. cxd5 exd5 5. Bg5 Be7 6. e3 0-0 7. Bd3 Nbd7 8. Qc2 c6 9. Nf3 Re8 10. 0-0 Nf8 11. Rab1 a5 12. a3 h6 13. Bh4 Ne4 14. Bxe4 Bxh4 15. Bd3 Bf6 16. b4 axb4 17. axb4 Bg4 18. Nd2 Ra3 19. Ra1 Rxa1 20. Rxa1 Be7 21. b5 c5 22. dxc5 Bxc5 23. Nb3 Bd6 24. h3 Be6 25. Nd4 Qg5 26. Bf5 Rc8 27. Bxe6 Nxe6 28. Nxe6 fxe6 29. Rc1 Qe5 30. Qd1 Rxc3 0-1

[Event "HUN-chT2 Erkel 0910"]
[Site "Hungary"]
[Date "2009.11.08"]
[Round "1.2"]
[White "Bauer, Peter2222"]
[Black "Nagyajtai, Gabor"]
[Result "1-0"]
[WhiteElo "2160"]
[BlackElo "2179"]
[PlyCount "74"]
[EventDate "2009.11.08"]
[EventType "team-tourn"]
[EventRounds "11"]
[EventCountry "HUN"]
[SourceTitle "EXT 2011"]
[Source "ChessBase"]
[SourceDate "2010.11.26"]
[SourceVersion "1"]
[SourceVersionDate "2010.11.26"]
[SourceQuality "1"]
[WhiteTeam "Vaci"]
[BlackTeam "Godollo"]
[WhiteTeamCountry "HUN"]
[BlackTeamCountry "HUN"]

1. c4 c5 2. Nc3 Nc6 3. g3 g6 4. Bg2 Bg7 5. d3 d6 6. e4 e6 7. Nge2 Nge7 8. 0-0 0-0 9. Be3 Nd4 10. Rb1 Nec6 11. h3 Rb8 12. a4 a6 13. Kh2 Bd7 14. f4 Qa5 15. Bd2 Qc7 16. Nxd4 Nxd4 17. b3 b5 18. axb5 axb5 19. Ne2 Nc6 20. Bc3 Rb6 21. Bxg7 Kxg7 22. Qc2 bxc4 23. bxc4 Rfb8 24. Rxb6 Qxb6 25. Qc3+ f6 26. Rd1 Qb2 27. Rd2 Qb3 28. Qxb3 Rxb3 29. d4 Be8 30. e5 fxe5 31. fxe5 dxe5 32. dxc5 Rb4 33. Nc3 Rxc4 34. Ne4 Rc1 35. Nd6 Bd7 36. Nf5+ gxf5 37. Rxd7+ Kg6 1-0

[Event "HUN-chT2 Erkel 0809"]
[Site "Hungary"]
[Date "2009.04.05"]
[Round "10.4"]
[White "Nagyajtai, Gabor"]
[Black "Sandor, Jozsef"]
[Result "1-0"]
[WhiteElo "2177"]
[BlackElo "2126"]
[PlyCount "69"]
[EventDate "2008.10.26"]
[EventType "team-tourn"]
[EventRounds "11"]
[EventCountry "HUN"]
[SourceTitle "EXT 2010"]
[Source "ChessBase"]
[SourceDate "2010.11.25"]
[SourceVersion "1"]
[SourceVersionDate "2010.11.25"]
[SourceQuality "1"]
[WhiteTeam "Godollo"]
[BlackTeam "MAFC"]
[WhiteTeamCountry "HUN"]
[BlackTeamCountry "HUN"]

1. d4 d6 2. c4 e5 3. Nf3 e4 4. Ng5 f5 5. Nh3 Nf6 6. g3 c6 7. Nc3 Be7 8. Bg2 Be6 9. d5 cxd5 10. Nf4 Bf7 11. Nfxd5 Nc6 12. 0-0 Ne5 13. f3 exf3 14. exf3 0-0 15. b3 Re8 16. Ba3 Bf8 17. f4 Nc6 18. Qd3 Nxd5 19. Nxd5 Qd7 20. Ne3 Be6 21. Bd5 g6 22. Rad1 Rad8 23. Rfe1 Bg7 24. Bg2 Bd4 25. Bxc6 Bxe3+ 26. Rxe3 Qxc6 27. Bb2 d5 28. Qd4 Re7 29. Qh8+ Kf7 30. Qxd8 dxc4 31. Ba3 Re8 32. Qd6 cxb3 33. Rxe6 Qxd6 34. Rexd6 bxa2 35. R6d2 1-0

[Event "HUN-chT2 Erkel 0809"]
[Site "Hungary"]
[Date "2009.01.11"]
[Round "5.3"]
[White "Peredy, Ferenc"]
[Black "Nagyajtai, Gabor"]
[Result "1-0"]
[WhiteElo "2252"]
[BlackElo "2177"]
[PlyCount "107"]
[EventDate "2008.10.26"]
[EventType "team-tourn"]
[EventRounds "11"]
[EventCountry "HUN"]
[SourceTitle "EXT 2010"]
[Source "ChessBase"]
[SourceDate "2010.11.25"]
[SourceVersion "1"]
[SourceVersionDate "2010.11.25"]
[SourceQuality "1"]
[WhiteTeam "TTC"]
[BlackTeam "Godollo"]
[WhiteTeamCountry "HUN"]
[BlackTeamCountry "HUN"]

1. e4 e6 2. d4 d5 3. Nc3 Bb4 4. e5 Ne7 5. a3 Bxc3+ 6. bxc3 b6 7. a4 a5 8. Qg4 Ng6 9. h4 h5 10. Qg3 Ba6 11. Bd3 Bxd3 12. cxd3 Nc6 13. Ba3 Nce7 14. Bxe7 Qxe7 15. Nf3 0-0-0 16. 0-0 Kb7 17. Rfb1 Qf8 18. Rb3 Ne7 19. Qf4 Nc6 20. Re1 Qe8 21. Ng5 Rd7 22. Re3 Re7 23. Rg3 Qd7 24. Nf3 Rh7 25. Ra3 Nd8 26. Rg5 Re8 27. Rg3 Re7 28. Ng5 Rh6 29. Nh3 Rh7 30. Qf3 Re8 31. Rg5 Qe7 32. Ra1 Reh8 33. Nf4 g6 34. c4 c6 35. Rb1 Ka6 36. Qd1 Nb7 37. Qb3 Qb4 38. Qc2 Qe7 39. cxd5 cxd5 40. Qc6 Qd8 41. Rxg6 Ka7 42. Rf6 Re8 43. Ne2 Re7 44. Nc3 Ka6 45. Qb5+ Ka7 46. Qb2 Rd7 47. Nb5+ Ka8 48. Rc1 Rh8 49. Rc6 Kb8 50. g3 Rg8 51. Qc1 Re7 52. Kg2 Rg6 53. Rxg6 fxg6 54. Qg5 1-0

[Event "HUN-chT2 Erkel 0809"]
[Site "Hungary"]
[Date "2008.10.26"]
[Round "1.4"]
[White "Nagyajtai, Gabor"]
[Black "Varga, Laszlo"]
[Result "0-1"]
[WhiteElo "2177"]
[BlackElo "2199"]
[PlyCount "80"]
[EventDate "2008.10.26"]
[EventType "team-tourn"]
[EventRounds "11"]
[EventCountry "HUN"]
[SourceTitle "EXT 2010"]
[Source "ChessBase"]
[SourceDate "2010.11.25"]
[SourceVersion "1"]
[SourceVersionDate "2010.11.25"]
[SourceQuality "1"]
[WhiteTeam "Godollo"]
[BlackTeam "Ujszasz"]
[WhiteTeamCountry "HUN"]
[BlackTeamCountry "HUN"]

1. e4 e6 2. d3 d5 3. Nd2 Nf6 4. Ngf3 dxe4 5. dxe4 Bc5 6. Bd3 Nc6 7. e5 Ng4 8. Ne4 Be7 9. Bf4 Qd5 10. Nc3 Qa5 11. Qe2 Bb4 12. 0-0 Bxc3 13. bxc3 h5 14. h3 Nh6 15. Nd4 Nf5 16. Bxf5 exf5 17. e6 Nxd4 18. exf7+ Kxf7 19. cxd4 Bd7 20. c4 c6 21. Rab1 b6 22. Rfe1 Rae8 23. Be5 h4 24. Red1 g5 25. Qd3 Rhg8 26. Rb3 Qa6 27. Ra3 Qb7 28. Qf3 Kg6 29. Re3 Rgf8 30. d5 c5 31. Rde1 f4 32. R3e2 Rf7 33. Ba1 Rxe2 34. Rxe2 Qc8 35. Re5 g4 36. hxg4 Bxg4 37. Qe4+ Kh6 38. Bb2 h3 39. Bc1 Qf8 40. gxh3 Bxh3 0-1

[Event "HUN-chT2 Erkel 0708"]
[Site "Hungary"]
[Date "2007.11.25"]
[Round "3"]
[White "Nogrady, Vilmos"]
[Black "Nagyajtai, Gabor"]
[Result "1/2-1/2"]
[WhiteElo "2201"]
[BlackElo "2204"]
[PlyCount "85"]
[EventDate "2007.10.14"]
[EventType "team"]
[EventRounds "11"]
[EventCountry "HUN"]
[SourceTitle "EXT 2009"]
[Source "ChessBase"]
[SourceDate "2008.11.26"]
[SourceVersion "1"]
[SourceVersionDate "2008.11.26"]
[SourceQuality "1"]
[WhiteTeam "Foti"]
[BlackTeam "Godollo"]
[WhiteTeamCountry "HUN"]
[BlackTeamCountry "HUN"]

1. Nf3 d5 2. g3 c6 3. Bg2 Bg4 4. d4 Nd7 5. c3 e6 6. Qb3 Qb6 7. Qxb6 axb6 8. Bf4 b5 9. Nbd2 Ngf6 10. h3 Bxf3 11. Bxf3 Be7 12. Bg5 e5 13. e3 0-0 14. Bg4 Bd6 15. Bxf6 Nxf6 16. dxe5 Bxe5 17. Nf3 Nxg4 18. hxg4 Bf6 19. g5 Be7 20. Ke2 f6 21. gxf6 Bxf6 22. a3 Ra4 23. Rad1 Re4 24. Nd4 Bxd4 25. Rxd4 Rxd4 26. cxd4 Ra8 27. Kd3 h6 28. Kc3 Kf7 29. Rh4 Ke6 30. Kd3 Ra4 31. Kc3 Rc4+ 32. Kd2 b4 33. axb4 Rxb4 34. Kc3 Rc4+ 35. Kd2 Ra4 36. Rh1 Kf5 37. Rh4 Ra8 38. Kd3 Rh8 39. f3 g5 40. g4+ Kg6 41. Rh5 Ra8 42. Rh1 Rf8 43. Rh3 1/2-1/2

[Event "Balatonalmadi Pannonia Cup 12th"]
[Site "Balatonalmadi"]
[Date "2007.08.05"]
[Round "7"]
[White "Gadacsi, Miklos Jr"]
[Black "Nagyajtai, Gabor"]
[Result "1-0"]
[WhiteElo "2107"]
[BlackElo "2204"]
[PlyCount "103"]
[EventDate "2007.08.01"]
[EventType "swiss"]
[EventRounds "7"]
[EventCountry "HUN"]
[SourceTitle "EXT 2016"]
[Source "ChessBase"]
[SourceDate "2015.10.08"]
[SourceVersion "1"]
[SourceVersionDate "2015.10.08"]
[SourceQuality "1"]

1. e4 d5 2. exd5 Qxd5 3. Nc3 Qd6 4. d4 Nf6 5. Nf3 a6 6. g3 Bg4 7. Bg2 Nc6 8. 0-0 0-0-0 9. Bf4 Qb4 10. a3 Qc4 11. h3 Rxd4 12. Qe1 Bxf3 13. Bxf3 e5 14. Bxe5 Nxe5 15. Qxe5 Bd6 16. Qf5+ Qe6 17. Qxe6+ fxe6 18. Rfe1 Re8 19. Re2 e5 20. Rae1 h6 21. Ne4 Nd5 22. c3 Rd3 23. Nxd6+ cxd6 24. Be4 Nxc3 25. Bxd3 Nxe2+ 26. Rxe2 d5 27. f3 Kd7 28. h4 Kd6 29. b4 Rf8 30. Kg2 g5 31. hxg5 hxg5 32. g4 Rc8 33. Rd2 Ke7 34. Bf5 Rd8 35. Rc2 Kd6 36. Bc8 b5 37. Bxa6 Ra8 38. Bxb5 Rxa3 39. Be2 Rb3 40. b5 e4 41. fxe4 dxe4 42. Kf2 Ke5 43. Rc5+ Kd4 44. Rxg5 Rh3 45. Rh5 Ra3 46. b6 e3+ 47. Kf3 Ra8 48. b7 Rb8 49. Rb5 Rf8+ 50. Kg3 Rb8 51. Kf4 Rf8+ 52. Kg5 1-0

[Event "Balatonalmadi Pannonia Cup 12th"]
[Site "Balatonalmadi"]
[Date "2007.08.04"]
[Round "5"]
[White "Rapport, Richard"]
[Black "Nagyajtai, Gabor"]
[Result "1/2-1/2"]
[WhiteElo "2122"]
[BlackElo "2204"]
[PlyCount "166"]
[EventDate "2007.08.01"]
[EventType "swiss"]
[EventRounds "7"]
[EventCountry "HUN"]
[SourceTitle "EXT 2016"]
[Source "ChessBase"]
[SourceDate "2015.10.08"]
[SourceVersion "1"]
[SourceVersionDate "2015.10.08"]
[SourceQuality "1"]

1. e4 g6 2. d4 Bg7 3. Nc3 d6 4. Be3 c6 5. a4 Nf6 6. h3 0-0 7. Nf3 Nbd7 8. Bc4 Nxe4 9. Nxe4 d5 10. Bd3 dxe4 11. Bxe4 Nf6 12. Bd3 Bf5 13. 0-0 Bxd3 14. Qxd3 Qd5 15. c4 Qd6 16. Qb3 Qc7 17. Rfe1 Rfe8 18. Rad1 Rad8 19. Qc2 Nd7 20. Bg5 Bf6 21. Re3 Bxg5 22. Nxg5 Qf4 23. Nf3 Nf6 24. Re5 Rd7 25. g3 Qh6 26. Kg2 e6 27. b4 Qf8 28. Qc3 Red8 29. Rb1 Rc7 30. Re2 Ne8 31. h4 Ng7 32. Re4 h5 33. Qc1 Nf5 34. Qf4 Rcd7 35. c5 Qg7 36. Rd1 Qh6 37. Qxh6 Nxh6 38. Ne5 Rd5 39. b5 cxb5 40. axb5 Rxc5 41. dxc5 Rxd1 42. c6 bxc6 43. bxc6 Rc1 44. Ra4 Nf5 45. Rxa7 f6 46. c7 Ne7 47. Nxg6 Nxg6 48. Ra8+ Kf7 49. c8Q Rxc8 50. Rxc8 Ne7 51. Rc7 f5 52. Kf3 Kf6 53. Ra7 Nd5 54. Ra5 Ne7 55. Rc5 Nd5 56. Rc6 Ne7 57. Ra6 Nd5 58. Ke2 Nc7 59. Rd6 Nd5 60. Kd3 Ke7 61. Rxd5 exd5 62. Kd4 Ke6 63. f3 Kd6 64. Kd3 Ke5 65. Ke3 d4+ 66. Kd3 Kd5 67. Kd2 Kc4 68. Kc2 d3+ 69. Kd2 Kd4 70. g4 hxg4 71. fxg4 fxg4 72. h5 Ke5 73. Kxd3 Kf6 74. h6 Kg6 75. Ke4 Kxh6 76. Kf4 Kh5 77. Kg3 Kg5 78. Kg2 Kf4 79. Kf2 g3+ 80. Kg2 Kg4 81. Kg1 Kf3 82. Kf1 g2+ 83. Kg1 Kg3 1/2-1/2

[Event "HUN-chT2 Erkel 0607"]
[Site "Hungary"]
[Date "2007.05.06"]
[Round "10"]
[White "Nagyajtai, Gabor"]
[Black "Ondok, Laszlo"]
[Result "0-1"]
[WhiteElo "2222"]
[BlackElo "2232"]
[PlyCount "64"]
[EventDate "2006.11.12"]
[EventType "team"]
[EventRounds "11"]
[EventCountry "HUN"]
[SourceTitle "EXT 2008"]
[Source "ChessBase"]
[SourceDate "2007.11.25"]
[SourceVersion "1"]
[SourceVersionDate "2007.11.25"]
[SourceQuality "1"]
[WhiteTeam "Godollo"]
[BlackTeam "Keviterv"]
[WhiteTeamCountry "HUN"]
[BlackTeamCountry "HUN"]

1. e4 c5 2. Nf3 Nc6 3. d4 cxd4 4. Nxd4 Nf6 5. Nc3 e5 6. Ndb5 d6 7. Nd5 Nxd5 8. exd5 Nb8 9. c4 a6 10. Nc3 Be7 11. Bd3 0-0 12. 0-0 f5 13. f3 Nd7 14. Kh1 Qe8 15. Be3 Qh5 16. Bg1 Rf6 17. f4 Qh6 18. Qe2 e4 19. Bc2 Rf7 20. Na4 Nf6 21. Rad1 Nh5 22. Qf2 b5 23. Nc3 bxc4 24. Rd4 Bd7 25. g3 Raf8 26. Rxc4 g5 27. Rc7 gxf4 28. gxf4 Rg7 29. Ne2 Bb5 30. Rc3 Bxe2 31. Qxe2 Bf6 32. Rh3 Ng3+ 0-1